000 00638nam a2200205 i 4500
001 70340
003 ES-MaACL
005 20250727085842.0
007 t|
008 040722s1965 sp ||||1| spa d
100 1 _aGarcía-Sabell, Domingo,
_d1909-2003
_955245
245 1 0 _aLuis Seoane
_b: grabados /
_cDomingo García-Sabell.
260 _a[Vigo] :
_bGalaxia,
_c[1965]
300 _a88 p., 3 lám. ;
_c19 cm.
490 1 _aMonografías de arte novo
600 1 7 _aSeoane, Luis,
_d1910-1979
_2
_9155119
830 0 0 _aMonografías de arte novo
_9231034
852 _aES-MaACL
_jC-27725
_bR.56849
999 _c70340
_d70340